[Event "RSA-chT U20A"]
[Site "Boksburg"]
[Date "2018.12.20"]
[Round "7.3"]
[White "Ndlovu, Sizwe"]
[Black "Marais, Daniel Petrus"]
[Result "1-0"]
[WhiteElo "1536"]
[BlackElo "1784"]
[PlyCount "81"]
[EventDate "2018.12.16"]
[EventType "team-tourn"]
[EventRounds "7"]
[EventCountry "RSA"]
[SourceTitle "EXT 2020"]
[Source "ChessBase"]
[SourceDate "2019.10.17"]
[SourceVersion "1"]
[SourceVersionDate "2019.10.17"]
[SourceQuality "1"]
[WhiteTeam "Ethekwini U20"]
[BlackTeam "Tshwane U20"]
[WhiteTeamCountry "RSA"]
[BlackTeamCountry "RSA"]

1. e4 c5 2. Nf3 Nc6 3. d4 cxd4 4. Nxd4 d6 5. c4 Nf6 6. Nc3 e6 7. Be2 Be7 8. 0-0 0-0 9. Kh1 Qb6 10. Nc2 a6 11. f4 Qc7 12. Be3 Bd7 13. Bg1 Na7 14. Rc1 Bc6 15. Bf3 b6 16. Qd4 Rab8 17. Nb4 e5 18. Qf2 Qb7 19. Nxc6 Nxc6 20. Qg3 exf4 21. Qxf4 Ne5 22. Be2 h6 23. Bd4 Nfd7 24. Qg3 f6 25. Nd5 Nc5 26. Qe3 Bd8 27. b4 Ne6 28. Bb2 Qf7 29. c5 bxc5 30. Bxe5 dxe5 31. bxc5 a5 32. a4 Qa7 33. Bg4 Nd4 34. Qc3 Nc6 35. Rb1 Rxb1 36. Rxb1 Be7 37. Rb6 Rb8 38. Nxe7+ Qxe7 39. Qb3+ Kh7 40. Rxb8 Qxc5 41. Bf5+ 1-0

[Event "RSA-chT U20A"]
[Site "Boksburg"]
[Date "2018.12.16"]
[Round "2.2"]
[White "Mampane, Mohlomphegi"]
[Black "Marais, Daniel Petrus"]
[Result "0-1"]
[WhiteElo "1332"]
[BlackElo "1784"]
[PlyCount "74"]
[EventDate "2018.12.16"]
[EventType "team-tourn"]
[EventRounds "7"]
[EventCountry "RSA"]
[SourceTitle "EXT 2020"]
[Source "ChessBase"]
[SourceDate "2019.10.17"]
[SourceVersion "1"]
[SourceVersionDate "2019.10.17"]
[SourceQuality "1"]
[WhiteTeam "Capricorn U20"]
[BlackTeam "Tshwane U20"]
[WhiteTeamCountry "RSA"]
[BlackTeamCountry "RSA"]

1. e4 e5 2. Nf3 Nc6 3. Nc3 Nf6 4. Bc4 Nxe4 5. d3 Nxc3 6. bxc3 d5 7. Bb3 Be7 8. 0-0 0-0 9. Re1 Bf6 10. Bb2 Bf5 11. Nd2 a6 12. c4 d4 13. Ne4 Be7 14. Qe2 Be6 15. Ng3 Rb8 16. Rf1 Qd7 17. Rab1 Kh8 18. f4 exf4 19. Rxf4 Bg5 20. Re4 Be3+ 21. Kh1 f5 22. Rh4 Bg5 23. Rh5 Bf6 24. c5 Bxb3 25. cxb3 Rbe8 26. Qd2 g6 27. Rh3 Qe7 28. b4 Qe3 29. Qd1 Nxb4 30. Ne4 Qf4 31. Nxf6 Rxf6 32. Rf3 Qe5 33. a3 Nc6 34. Rc1 g5 35. Qb3 g4 36. Rff1 Rh6 37. g3 Qe2 0-1

[Event "Pretoria Capablanca B"]
[Site "Pretoria"]
[Date "2018.05.01"]
[Round "9"]
[White "Marais, Daniel Petrus"]
[Black "Vasco Mateus, Felizardo Viagei"]
[Result "0-1"]
[WhiteElo "1907"]
[BlackElo "1593"]
[PlyCount "97"]
[EventDate "2018.04.27"]
[EventType "tourn"]
[EventRounds "9"]
[EventCountry "RSA"]
[SourceTitle "CBM 184 Extra"]
[Source "ChessBase"]
[SourceDate "2018.06.28"]
[SourceVersion "1"]
[SourceVersionDate "2018.06.28"]
[SourceQuality "1"]

1. e4 c5 2. Nf3 d6 3. d4 cxd4 4. Nxd4 Nf6 5. Nc3 a6 6. h3 e5 7. Nde2 h5 8. g3 Be6 9. Bg2 Nbd7 10. 0-0 Rc8 11. Kh2 Qc7 12. a4 Be7 13. b3 h4 14. g4 Nf8 15. f3 Ng6 16. Ra2 Qa5 17. Kh1 Nf4 18. Nxf4 exf4 19. Ne2 g5 20. c4 0-0 21. Bd2 Qc5 22. Bc3 Nd7 23. Bd4 Qb4 24. Bc3 Qc5 25. Nd4 Ne5 26. Nf5 Rfe8 27. Nxe7+ Rxe7 28. Rd2 Rd7 29. Qa1 f6 30. Rfd1 Kf7 31. Qb2 Qc6 32. Bb4 Rcd8 33. Qd4 b5 34. cxb5 axb5 35. axb5 Qxb5 36. Qc3 d5 37. Bf1 Qc6 38. Qxc6 Nxc6 39. Bc5 Ne5 40. Kg2 dxe4 41. Rxd7+ Rxd7 42. Rxd7+ Nxd7 43. Bd4 exf3+ 44. Kxf3 Bxb3 45. Bb5 Bd5+ 46. Kf2 Ne5 47. Bc3 Bb7 48. Bd4 Ke6 49. Bc5 0-1

[Event "Pretoria Capablanca B"]
[Site "Pretoria"]
[Date "2018.04.29"]
[Round "5"]
[White "Marais, Daniel Petrus"]
[Black "Masiya, Mfundo"]
[Result "1-0"]
[WhiteElo "1907"]
[BlackElo "1949"]
[PlyCount "74"]
[EventDate "2018.04.27"]
[EventType "tourn"]
[EventRounds "9"]
[EventCountry "RSA"]
[SourceTitle "CBM 184 Extra"]
[Source "ChessBase"]
[SourceDate "2018.06.28"]
[SourceVersion "1"]
[SourceVersionDate "2018.06.28"]
[SourceQuality "1"]

1. e4 c5 2. Nf3 d6 3. d4 cxd4 4. Nxd4 Nf6 5. Nc3 a6 6. h3 e6 7. g4 Nc6 8. Bg2 Nd7 9. 0-0 Be7 10. Kh1 0-0 11. f4 Qc7 12. g5 Re8 13. a4 Nxd4 14. Qxd4 b6 15. f5 Ne5 16. fxe6 Bxe6 17. Be3 Nc4 18. Bf4 Nxb2 19. e5 dxe5 20. Bxe5 Rad8 21. Nd5 Qc5 22. Nxe7+ Qxe7 23. Qxb2 Qxg5 24. Bf4 Qh4 25. Ra3 Bc4 26. Rg3 f6 27. Rg4 Qh5 28. Rg1 Be6 29. Rxg7+ Kxg7 30. Bf3+ Qg6 31. Rxg6+ hxg6 32. Qxb6 Bxh3 33. Bc6 Rd1+ 34. Kh2 Rh8 35. Kg3 Be6 36. Bf3 Re1 37. Kf2 Bf7 1-0

[Event "Pretoria Capablanca B"]
[Site "Pretoria"]
[Date "2018.04.27"]
[Round "2"]
[White "Nene, Themba"]
[Black "Marais, Daniel Petrus"]
[Result "1/2-1/2"]
[WhiteElo "1925"]
[BlackElo "1907"]
[PlyCount "23"]
[EventDate "2018.04.27"]
[EventType "tourn"]
[EventRounds "9"]
[EventCountry "RSA"]
[SourceTitle "CBM 184 Extra"]
[Source "ChessBase"]
[SourceDate "2018.06.28"]
[SourceVersion "1"]
[SourceVersionDate "2018.06.28"]
[SourceQuality "1"]

1. d4 d5 2. c4 e6 3. Nf3 Nf6 4. g3 Bb4+ 5. Bd2 Be7 6. Bg2 c6 7. Qc2 0-0 8. 0-0 b6 9. Bg5 Bb7 10. Nbd2 Nbd7 11. e4 dxe4 12. Nxe4 1/2-1/2

[Event "Africa-ch U18"]
[Site "Cairo"]
[Date "2017.12.07"]
[Round "7.1"]
[White "Marais, Daniel Petrus"]
[Black "Fawzy, Adham"]
[Result "0-1"]
[WhiteElo "1789"]
[BlackElo "2434"]
[PlyCount "48"]
[EventDate "2017.12.03"]
[EventType "swiss"]
[EventRounds "9"]
[EventCountry "EGY"]
[SourceTitle "EXT 2024"]
[Source "ChessBase"]
[SourceDate "2023.10.10"]
[SourceVersion "1"]
[SourceVersionDate "2023.10.10"]
[SourceQuality "1"]

1. e4 c5 2. Nf3 Nc6 3. d4 cxd4 4. Nxd4 e5 5. Nb5 d6 6. N1c3 a6 7. Na3 b5 8. Nd5 Nge7 9. c3 Nxd5 10. exd5 Ne7 11. Be2 g6 12. 0-0 Bg7 13. Nc2 0-0 14. f4 Bb7 15. Ne3 exf4 16. Rxf4 f5 17. a4 Qb6 18. Kh1 Qc5 19. axb5 axb5 20. Rxa8 Rxa8 21. Rb4 Nxd5 22. Nxd5 Qxd5 23. Qxd5+ Bxd5 24. Be3 Re8 0-1

[Event "Wch U18"]
[Site "Montevideo"]
[Date "2017.09.25"]
[Round "10"]
[White "Marais, Daniel Petrus"]
[Black "Belmonte, Adriel"]
[Result "1-0"]
[WhiteElo "1813"]
[BlackElo "1868"]
[PlyCount "83"]
[EventDate "2017.09.17"]
[EventType "swiss"]
[EventRounds "11"]
[EventCountry "URU"]
[SourceTitle "EXT 2018"]
[Source "ChessBase"]
[SourceDate "2017.10.13"]
[SourceVersion "1"]
[SourceVersionDate "2017.10.13"]
[SourceQuality "1"]

1. e4 e6 2. d4 d5 3. Nc3 Nf6 4. Bg5 Bb4 5. e5 h6 6. Bc1 Ne4 7. Qg4 g6 8. Bd3 Nxc3 9. a3 Ba5 10. Bd2 Na4 11. Bxa5 Nxb2 12. Be2 b6 13. Bc3 Na4 14. Bd2 c5 15. dxc5 Nxc5 16. Bf3 Nbd7 17. Qd4 Ba6 18. Ne2 Qc7 19. Bf4 Nb8 20. 0-0 Nc6 21. Qb2 0-0-0 22. Rfe1 g5 23. Bg3 h5 24. h3 Rdg8 25. Nc3 g4 26. hxg4 hxg4 27. Be2 Bxe2 28. Rxe2 Rh5 29. Nb5 Qe7 30. Nd6+ Kb8 31. Rd2 Rgh8 32. Kf1 Nd7 33. Re1 Rh1+ 34. Ke2 Rxe1+ 35. Kxe1 Rh1+ 36. Ke2 Rh5 37. Qc3 Ndxe5 38. Nxf7 Qxf7 39. Qxc6 Qc7 40. Qe8+ Kb7 41. Qxh5 Qc4+ 42. Ke1 1-0

[Event "RSA-ch U18"]
[Site "Gauteng"]
[Date "2017.04.06"]
[Round "3"]
[White "Marais, Daniel Petrus"]
[Black "Khumalo, Kagiso"]
[Result "1-0"]
[WhiteElo "1792"]
[BlackElo "1402"]
[PlyCount "56"]
[EventDate "2017.04.05"]
[EventType "swiss"]
[EventRounds "11"]
[EventCountry "RSA"]
[SourceTitle "CBM 177 Extra"]
[Source "ChessBase"]
[SourceDate "2017.04.27"]
[SourceVersion "1"]
[SourceVersionDate "2017.04.27"]
[SourceQuality "1"]

1. e4 e6 2. d4 d5 3. Nd2 dxe4 4. Nxe4 Nd7 5. Nf3 Ngf6 6. Ng3 Bd6 7. Bd3 c5 8. 0-0 0-0 9. c3 b6 10. Ne4 Be7 11. Ne5 Bb7 12. Nxd7 Qxd7 13. Nxf6+ Bxf6 14. dxc5 Rad8 15. Bc2 Qc6 16. Qg4 Qxc5 17. Be3 Qc7 18. Bf4 Qc6 19. Rae1 Ba6 20. Be4 Qc8 21. Qh3 g6 22. c4 Qxc4 23. Qa3 Bb5 24. Bh6 Rfe8 25. Qf3 Qd4 26. Rd1 Qxb2 27. Rb1 Be2 28. Qe3 Bxf1 1-0

[Event "Boksburg Inter Region-ch"]
[Site "Boksburg"]
[Date "2016.12.21"]
[Round "4.2"]
[White "Marais, Daniel Petrus"]
[Black "Khumalo, Keith"]
[Result "1/2-1/2"]
[WhiteElo "1705"]
[BlackElo "1755"]
[PlyCount "32"]
[EventDate "2016.12.20"]
[EventType "team-swiss"]
[EventRounds "7"]
[EventCountry "RSA"]
[SourceTitle "CBM 176 Extra"]
[Source "ChessBase"]
[SourceDate "2017.03.02"]
[SourceVersion "1"]
[SourceVersionDate "2017.03.02"]
[SourceQuality "1"]
[WhiteTeam "Torpedos"]
[BlackTeam "Johannesburg Metro III"]
[WhiteTeamCountry "RSA"]
[BlackTeamCountry "RSA"]

1. e4 c5 2. Nf3 Nc6 3. d4 cxd4 4. Nxd4 g6 5. c4 Bg7 6. Nc2 d6 7. Be2 Be6 8. 0-0 Nf6 9. Nc3 0-0 10. f4 Rc8 11. Be3 Qd7 12. Rc1 Bg4 13. h3 Bxe2 14. Qxe2 Nh5 15. Rfd1 Bxc3 16. bxc3 Qe6 1/2-1/2

[Event "World School-ch U17 12th"]
[Site "Sochi"]
[Date "2016.12.09"]
[Round "7"]
[White "Minbayev, Bolatbek"]
[Black "Marais, Daniel Petrus"]
[Result "1-0"]
[WhiteElo "2038"]
[BlackElo "1812"]
[PlyCount "47"]
[EventDate "2016.12.03"]
[EventType "swiss"]
[EventRounds "9"]
[EventCountry "RUS"]
[SourceTitle "CBM 176 Extra"]
[Source "ChessBase"]
[SourceDate "2017.03.02"]
[SourceVersion "1"]
[SourceVersionDate "2017.03.02"]
[SourceQuality "1"]

1. e4 e5 2. Nf3 Nc6 3. Bc4 Nf6 4. d3 Be7 5. 0-0 d6 6. a4 0-0 7. c3 Bg4 8. Nbd2 Qd7 9. h3 Bh5 10. Re1 Kh8 11. Nf1 Bg6 12. a5 a6 13. Qb3 Nh5 14. d4 f5 15. Be6 Qe8 16. exf5 Bxf5 17. dxe5 Qg6 18. exd6 cxd6 19. Bxf5 Rxf5 20. Qxb7 Raf8 21. Qxc6 Rxf3 22. Rxe7 Rxf2 23. Be3 Rxb2 24. Qe4 1-0

[Event "Wch U16"]
[Site "Khanty-Mansiysk"]
[Date "2016.10.02"]
[Round "10"]
[White "Maerevoet, Sim"]
[Black "Marais, Daniel Petrus"]
[Result "1/2-1/2"]
[WhiteElo "1771"]
[BlackElo "1850"]
[PlyCount "72"]
[EventDate "2016.09.22"]
[EventType "swiss"]
[EventRounds "11"]
[EventCountry "RUS"]
[SourceTitle "EXT 2017"]
[Source "ChessBase"]
[SourceDate "2016.10.25"]
[SourceVersion "1"]
[SourceVersionDate "2016.10.25"]
[SourceQuality "1"]

1. e4 e5 2. Nf3 Nc6 3. d4 exd4 4. Bb5 a6 5. Bxc6 dxc6 6. Qxd4 Qxd4 7. Nxd4 Bc5 8. Be3 Nf6 9. f3 Bd7 10. Nd2 0-0-0 11. N2b3 Bb6 12. c4 Rhe8 13. c5 Ba7 14. Kf2 a5 15. a4 b6 16. Rac1 Kb7 17. Rc2 Ng8 18. Rhc1 Ne7 19. Nd2 f5 20. Nc4 fxe4 21. fxe4 Rf8+ 22. Kg1 h6 23. Ne5 Rf6 24. Rf2 bxc5 25. Nb3 Re6 26. Nd3 Rxe4 27. Bxc5 Be6 28. Bxa7 Kxa7 29. Ndc5 Re5 30. Nxe6 Rxe6 31. Nxa5 Rd4 32. Nb3 Rb4 33. Nc5 Re3 34. b3 Nd5 35. Rf7 g5 36. Rh7 Nc3 1/2-1/2

[Event "Wch U16"]
[Site "Khanty-Mansiysk"]
[Date "2016.09.30"]
[Round "8"]
[White "Plaza Reino, Agustin"]
[Black "Marais, Daniel Petrus"]
[Result "1-0"]
[WhiteElo "1891"]
[BlackElo "1850"]
[PlyCount "118"]
[EventDate "2016.09.22"]
[EventType "swiss"]
[EventRounds "11"]
[EventCountry "RUS"]
[SourceTitle "EXT 2017"]
[Source "ChessBase"]
[SourceDate "2016.10.25"]
[SourceVersion "1"]
[SourceVersionDate "2016.10.25"]
[SourceQuality "1"]

1. e4 e5 2. Nf3 Nc6 3. d4 exd4 4. Nxd4 Nf6 5. Nxc6 bxc6 6. e5 Qe7 7. Qe2 Nd5 8. c4 Ba6 9. b3 Qh4 10. a3 Bc5 11. Qf3 Ne7 12. Ra2 Ng6 13. Re2 0-0 14. g3 Qd4 15. Qe3 Qa1 16. Qe4 Bd4 17. f4 Rab8 18. Qc2 Bxc4 19. Qxc4 Qxb1 20. b4 Qa1 21. Rc2 Bb6 22. Ke2 Qd4 23. Qxd4 Bxd4 24. Rd2 c5 25. bxc5 Bxc5 26. Rxd7 Rb3 27. a4 Bb6 28. Bg2 Rc3 29. Bd2 Rc2 30. Kd3 Ra2 31. Bc6 Ra3+ 32. Kc4 Rb8 33. Rb1 Nf8 34. Rd5 Rc8 35. Bc3 Ne6 36. Kb4 Ra2 37. Bb2 Nc5 38. Bd4 a5+ 39. Kc3 Ra3+ 40. Kb2 Rd3 41. Bxc5 Rxd5 42. Bxb6 Rd2+ 43. Kc3 cxb6 44. Kxd2 Rxc6 45. Rc1 Rxc1 46. Kxc1 Kf8 47. Kc2 Ke7 48. Kc3 Kd7 49. Kc4 Kc6 50. f5 h5 51. e6 fxe6 52. fxe6 Kd6 53. Kb5 Kxe6 54. Kxb6 Kd6 55. Kxa5 Kc5 56. Ka6 Kc6 57. h4 Kc5 58. Kb7 Kb4 59. Kc7 Kxa4 1-0

[Event "Wch U16"]
[Site "Khanty-Mansiysk"]
[Date "2016.09.26"]
[Round "5"]
[White "Zamar Kodelja, Jurij"]
[Black "Marais, Daniel Petrus"]
[Result "1-0"]
[WhiteElo "2126"]
[BlackElo "1850"]
[PlyCount "101"]
[EventDate "2016.09.22"]
[EventType "swiss"]
[EventRounds "11"]
[EventCountry "RUS"]
[SourceTitle "EXT 2017"]
[Source "ChessBase"]
[SourceDate "2016.10.25"]
[SourceVersion "1"]
[SourceVersionDate "2016.10.25"]
[SourceQuality "1"]

1. d4 b6 2. e4 Bb7 3. Bd3 e6 4. Nh3 c5 5. c3 Nc6 6. d5 exd5 7. exd5 Ne5 8. Be2 Bd6 9. 0-0 Ne7 10. c4 0-0 11. Nc3 f5 12. f4 Nf7 13. Qd3 a6 14. a4 Rc8 15. b3 Nh6 16. Bb2 Ng6 17. g3 Qe7 18. Rae1 Rce8 19. Nd1 Qf7 20. Ng5 Qe7 21. Qc3 Qf6 22. Qd2 Qd8 23. h4 Be7 24. Bf3 Bf6 25. Rxe8 Rxe8 26. h5 Bxb2 27. Nxb2 Nh8 28. Re1 N8f7 29. Nd3 Nxg5 30. Rxe8+ Qxe8 31. fxg5 Nf7 32. Qf4 d6 33. Qxf5 Qe3+ 34. Kh2 Nxg5 35. Bg2 Qe7 36. Nf4 h6 37. Qg4 Qf7 38. Ng6 Kh7 39. Qf4 Qxf4 40. gxf4 Nf7 41. Bh3 b5 42. a5 Nd8 43. Ne7 bxc4 44. bxc4 Ba8 45. Bf5+ Kh8 46. Kg3 Nb7 47. Nc6 Kg8 48. Bg6 Kf8 49. Kg4 Kg8 50. Kf5 Kf8 51. Ke6 1-0

[Event "Wch U16"]
[Site "Khanty-Mansiysk"]
[Date "2016.09.22"]
[Round "1"]
[White "Yordanov, Lachezar"]
[Black "Marais, Daniel Petrus"]
[Result "0-1"]
[WhiteElo "2300"]
[BlackElo "1850"]
[PlyCount "56"]
[EventDate "2016.09.22"]
[EventType "swiss"]
[EventRounds "11"]
[EventCountry "RUS"]
[SourceTitle "EXT 2017"]
[Source "ChessBase"]
[SourceDate "2016.10.25"]
[SourceVersion "1"]
[SourceVersionDate "2016.10.25"]
[SourceQuality "1"]

1. d4 d5 2. c4 e6 3. Nc3 Nf6 4. cxd5 exd5 5. Bg5 Nbd7 6. e3 c6 7. Bd3 Be7 8. Qc2 0-0 9. Nge2 Re8 10. 0-0 Nf8 11. f3 g6 12. Kh1 Ne6 13. Bh4 Ng7 14. Qd2 Bf5 15. Bxf6 Bxf6 16. e4 dxe4 17. fxe4 Bg4 18. e5 Bg5 19. Qc2 Nf5 20. Qb3 Rxe5 21. dxe5 Qxd3 22. Nf4 Qd4 23. Qa4 Qxa4 24. Nxa4 Rd8 25. Nc5 Rd4 26. Nce6 fxe6 27. Nxe6 Ng3+ 28. hxg3 Bxe6 0-1

[Event "World ol U16"]
[Site "Poprad"]
[Date "2016.07.28"]
[Round "8.3"]
[White "Marais, Daniel Petrus"]
[Black "Zamar Kodelja, Jurij"]
[Result "0-1"]
[WhiteElo "1771"]
[BlackElo "2103"]
[PlyCount "108"]
[EventDate "2016.07.22"]
[EventType "team-swiss"]
[EventRounds "9"]
[EventCountry "SVK"]
[SourceTitle "EXT 2017"]
[Source "ChessBase"]
[SourceDate "2016.10.25"]
[SourceVersion "1"]
[SourceVersionDate "2016.10.25"]
[SourceQuality "1"]
[WhiteTeam "South Africa II"]
[BlackTeam "Slovenia"]
[WhiteTeamCountry "RSA"]
[BlackTeamCountry "SLO"]

1. e4 g6 2. d4 Bg7 3. Nc3 c6 4. Be3 d5 5. f3 dxe4 6. fxe4 Nf6 7. Be2 Qa5 8. Qd2 Ng4 9. Bxg4 Bxg4 10. Nge2 Bxe2 11. Qxe2 b5 12. 0-0 b4 13. Qc4 0-0 14. Ne2 Qa6 15. Qxa6 Nxa6 16. c3 Rab8 17. Rab1 Rb5 18. a3 bxa3 19. bxa3 Rfb8 20. Rxb5 Rxb5 21. a4 Rb2 22. Kf2 Kf8 23. Kf3 Ke8 24. h4 h5 25. Ra1 Kd7 26. Nf4 Rb3 27. Ne2 e6 28. g4 hxg4+ 29. Kxg4 Nc7 30. Bf4 Ne8 31. e5 Nc7 32. Ra2 Bf8 33. Bd2 Nd5 34. Nc1 Rb1 35. Nd3 Nb6 36. Rb2 Rxb2 37. Nxb2 Ba3 38. Nd3 Nxa4 39. Nf4 Bb2 40. Ne2 c5 41. Kg5 Ke7 42. dxc5 Nxc5 43. Be3 Ba3 44. Nd4 Ne4+ 45. Kg4 a6 46. c4 Kd7 47. h5 gxh5+ 48. Kxh5 Bc5 49. Kh6 Ng3 50. Bf2 Bxd4 51. Bxg3 a5 52. Be1 a4 53. Bb4 Bxe5 54. Kg5 Bb2 0-1

[Event "Johannesburg Redpath op"]
[Site "Johannesburg"]
[Date "2016.07.16"]
[Round "6"]
[White "Marais, Daniel Petrus"]
[Black "Tembo, Epah"]
[Result "1-0"]
[WhiteElo "1771"]
[BlackElo "1919"]
[PlyCount "115"]
[EventDate "2016.07.13"]
[EventType "swiss"]
[EventRounds "9"]
[EventCountry "RSA"]
[SourceTitle "CBM 173 Extra"]
[Source "ChessBase"]
[SourceDate "2016.08.29"]
[SourceVersion "1"]
[SourceVersionDate "2016.08.29"]
[SourceQuality "1"]

1. e4 e6 2. d4 d5 3. Nd2 Nf6 4. e5 Nfd7 5. Bd3 c5 6. c3 Nc6 7. Ne2 Be7 8. 0-0 b6 9. Nf3 Bb7 10. Nf4 Qc7 11. a3 g6 12. h4 0-0-0 13. b4 c4 14. Bc2 Rdg8 15. Ng5 Nd8 16. Qg4 Nf8 17. Ba4 Kb8 18. Be8 Bxg5 19. Qxg5 h6 20. Qg3 Qe7 21. Ba4 Nh7 22. Ne2 Nf8 23. Bc2 Nc6 24. a4 Ka8 25. Ba3 Qd8 26. Qh3 g5 27. h5 Bc8 28. Qf3 Qe8 29. g4 Rg7 30. Qf6 Rgg8 31. Qf3 Nd7 32. Ng3 Rg7 33. Rfe1 Qd8 34. Ne4 Kb8 35. Nf6 Nxf6 36. Qxf6 Qxf6 37. exf6 Rgg8 38. b5 Na5 39. Re3 Kc7 40. Rae1 Nb7 41. Kg2 Bd7 42. Be7 Nd6 43. Kg3 Nc8 44. Ba3 Nd6 45. Rf3 Bc8 46. Bg6 Rf8 47. Bc2 Rd8 48. Rfe3 Bd7 49. f4 Rhg8 50. fxg5 Rxg5 51. Re5 Nf5+ 52. Kf4 Nh4 53. Rh1 Nf5 54. gxf5 Rg2 55. Bd1 Rdg8 56. fxe6 Bxe6 57. Rxe6 fxe6 58. f7 1-0

[Event "Johannesburg Redpath op"]
[Site "Johannesburg"]
[Date "2016.07.15"]
[Round "4"]
[White "Marais, Daniel Petrus"]
[Black "Mbedza, Richard"]
[Result "0-1"]
[WhiteElo "1771"]
[BlackElo "1947"]
[PlyCount "126"]
[EventDate "2016.07.13"]
[EventType "swiss"]
[EventRounds "9"]
[EventCountry "RSA"]
[SourceTitle "CBM 173 Extra"]
[Source "ChessBase"]
[SourceDate "2016.08.29"]
[SourceVersion "1"]
[SourceVersionDate "2016.08.29"]
[SourceQuality "1"]

1. e4 d5 2. exd5 Qxd5 3. d4 c6 4. c4 Qd6 5. Nc3 Bf5 6. Nf3 Nf6 7. Be2 e6 8. 0-0 Be7 9. Qb3 Qb4 10. Qd1 Nbd7 11. Nh4 Bg6 12. f4 Rd8 13. f5 exf5 14. Nxf5 Bxf5 15. Rxf5 0-0 16. a3 Qd6 17. Bf4 Qe6 18. Ra5 Nb6 19. Re5 Qd7 20. Be3 Bd6 21. Rg5 Qe6 22. Qd2 Rfe8 23. Rf1 Qxe3+ 24. Qxe3 Rxe3 25. c5 Be7 26. cxb6 axb6 27. Re5 Rxe5 28. dxe5 Nd7 29. e6 fxe6 30. Bg4 Nf8 31. Re1 Bf6 32. Bxe6+ Nxe6 33. Rxe6 Rd2 34. Ne4 Rd1+ 35. Kf2 Kf7 36. Rd6 Rxd6 37. Nxd6+ Ke6 38. Ne4 Bxb2 39. a4 h6 40. Ke3 Kd5 41. Kd3 Be5 42. h3 g6 43. g4 g5 44. Nd2 Kc5 45. Nc4 Bf4 46. Kc3 b5 47. axb5 Kxb5 48. Na3+ Kc5 49. Nc2 b5 50. Ne1 b4+ 51. Kb3 Kb5 52. Nd3 c5 53. Nb2 Bc7 54. Nc4 Kc6 55. Ne3 Bd6 56. Kc4 Bf8 57. Ng2 Kd6 58. h4 Ke5 59. hxg5 hxg5 60. Kd3 Bd6 61. Ne3 Kf4 62. Nc4 Be5 63. Ne3 Bd4 0-1